I want to destroy myself : (Record no. 137206)

MARC details
000 -LEADER
fixed length control field 00604nam a22001937a 4500
005 - DATE AND TIME OF LATEST TRANSACTION
control field 20170124151126.0
010 ## - LCCN (DPL NO)
LC control number ENG-117153
020 ## - INTERNATIONAL STANDARD BOOK NUMBER
International Standard Book Number 9789386050984
Terms of availability 399.00
035 ## - SYSTEM CONTROL NUMBER
System control number EN-100685
037 ## - SOURCE OF ACQUISITION
Source of stock number/acquisition DBAD/PUB
082 ## - DEWEY DECIMAL CLASSIFICATION NUMBER
Classification number 921
100 ## - MAIN ENTRY--PERSONAL NAME
Personal name Malika Amar,Shekh
245 ## - TITLE STATEMENT
Title I want to destroy myself :
Statement of responsibility, etc by Malika Amar Shaikh ; Transleted by Jerry Pinto
Remainder of title a memoir /
260 ## - PUBLICATION, DISTRIBUTION, ETC. (IMPRINT)
Date of publication, distribution, etc 2016
Place of publication, distribution, etc New Delhi
Name of publisher, distributor, etc Speaking Tiger Publishing
270 ## - ADDRESS
Address 4381/4,Ansari Road,Daryaganj
City New Delhi
Postal code 110002
300 ## - PHYSICAL DESCRIPTION
Dimensions 20cm(Hb)
Extent 200p.
700 ## - ADDED ENTRY--PERSONAL NAME
Personal name Pinto, Jerry
942 ## - ADDED ENTRY ELEMENTS (KOHA)
Item type English Books
Source of classification or shelving scheme Dewey Decimal Classification
Classification part 921
Call number suffix MAL
Holdings
Withdrawn status Lost status Not for loan Collection code Home library Current library Date acquired Source of acquisition Cost, normal purchase price Full call number Barcode Copy number Cost, replacement price Koha item type
      Non-fiction Shahdara Branch Shahdara Branch 24/01/2017 DBAD/PUB 399.00 921 MAL EN-100685 1 399.00 English Books

© Delhi Public Library
Hit Counter
free hit counter